Sports Quiz

Random Sports or NBA Quiz

Nba finals champions Quiz Stats

 Plays Quiz not verified by Sporcle

Score 0/17 Timer 01:30
0 Plays Today
Hint Answer % Correct
2005-2006Heat
100%
2011-2012Heat
100%
2012-2013Heat
100%
2000-2001Lakers
96.4%
2001-2002Lakers
96.4%
2008-2009Lakers
96.4%
2009-2010Lakers
96.4%
2014-2015Warriors
96.4%
2015-2016Cavaliers
96.4%
Hint Answer % Correct
1999-2000Lakers
96.4%
2002-2003Spurs
92.9%
2003-2004Pistons
92.9%
2004-2005Spurs
92.9%
2006-2007Spurs
92.9%
2007-2008Celtics
92.9%
2013-2014Spurs
92.9%
2010-2011Mavericks
89.3%

You're not logged in!

Compare scores with friends on all Sporcle quizzes.
OR
Log In

Sporcle TV

Today on Sporcle TV


Watch our educational content, quiz creation guides, and fun videos on Sporcle TV.

Show Comments

Extras

Created Aug 8, 2016ReportNominate
Tags:NBA Quiz, champion, final

Top Quizzes Today


Score Distribution

Your Account Isn't Verified!

In order to create a playlist on Sporcle, you need to verify the email address you used during registration. Go to your Sporcle Settings to finish the process.

Report this User

Report this user for behavior that violates our Community Guidelines.

Details: